000 00562nam a2200217Ia 4500
005 20240302101239.0
008 131103s9999 xx 000 0 und d
020 _cRs.5.50
040 _aLoreto College
041 _aEnglish
082 _a370.973
_bCRE
100 _aCremin,Lawrence A.
245 4 _aThe Transformation of the School,
_cLawrence A.Cremin
260 _aDelhi
_bAlma Ram
_c1967
300 _axi,387 p.
504 _aIncludes bibliography and index
650 _aEducation
651 _aUnited States
850 _aLCLIB
942 _cBK
999 _c9144
_d59623